Antropología Centroamericana: antología /
Uloženo v:
| Hlavní autor: | |
|---|---|
| Médium: | Text |
| Vydáno: |
San José:
EDUCA
|
| Témata: | |
| Tagy: |
Přidat tag
Žádné tagy, Buďte první, kdo vytvoří štítek k tomuto záznamu!
|
MARC
| LEADER | 00000 a a2200000 04500 | ||
|---|---|---|---|
| 001 | 27834 | ||
| 003 | |||
| 040 | |||
| 020 | |a [sin ISBN] | ||
| 022 | |a [sin ISBN] | ||
| 090 | |a 193600 | ||
| 100 | |a Luna Desola, David | ||
| 245 | |a Antropología Centroamericana: |b antología / |c David Luna Desola | ||
| 260 | |a San José: |b EDUCA | ||
| 300 | |a 377 páginas |b il. | ||
| 500 | |a PUB.IIS | ||
| 650 | |a MITOLOGIA | ||
| 650 | |a POBLACION INDIGENA | ||
| 650 | |a HISTORIA | ||
| 650 | |a CONOCIMIENTOS AUTOCTONOS | ||
| 650 | |a ANTROPOLOGIA | ||
| 999 | |c 10318 |d 10318 | ||
